Old River control structure, Louisiana : (Record no. 929366)
[ view plain ]
| 000 -LEADER | |
|---|---|
| fixed length control field | 01234nam a2200301 a 4500 |
| 001 - CONTROL NUMBER | |
| control field | vtls001479653 |
| 003 - CONTROL NUMBER IDENTIFIER | |
| control field | NLI |
| 005 - DATE AND TIME OF LATEST TRANSACTION | |
| control field | 20210627132008.0 |
| 008 - FIXED-LENGTH DATA ELEMENTS--GENERAL INFORMATION | |
| fixed length control field | 121207s1980 wau f000 0 eng |
| 039 #9 - LEVEL OF BIBLIOGRAPHIC CONTROL AND CODING DETAIL [OBSOLETE] | |
| -- | 201212071730 |
| -- | VLOAD |
| 040 ## - CATALOGING SOURCE | |
| Original cataloging agency | NLI |
| Language of cataloging | eng |
| Transcribing agency | Datasoft_FOD |
| Description conventions | AACR2 |
| 041 0# - LANGUAGE CODE | |
| Language code of text/sound track or separate title | eng |
| 044 ## - COUNTRY OF PUBLISHING/PRODUCING ENTITY CODE | |
| MARC country code | wau |
| 082 04 - DEWEY DECIMAL CLASSIFICATION NUMBER | |
| Classification number | 363.349360977 |
| 110 1# - MAIN ENTRY--CORPORATE NAME | |
| Corporate name or jurisdiction name as entry element | United States. |
| Subordinate unit | Congress. |
| -- | Senate. |
| -- | Committee on Appropriations. |
| -- | Subcommittee on Energy and Water Development |
| 9 (RLIN) | 715899 |
| 245 10 - TITLE STATEMENT | |
| Title | Old River control structure, Louisiana : |
| Remainder of title | hearing before a subcommittee of the Committee on Appropriations, United States Senate, Ninety-sixth Congress, second session : special hearing, Corps of Engineers--civil nondepartmental witnesses |
| 260 ## - PUBLICATION, DISTRIBUTION, ETC. | |
| Place of publication, distribution, etc. | Washington : |
| Name of publisher, distributor, etc. | U.S. Government Printing Office, |
| Date of publication, distribution, etc. | 1980 |
| 300 ## - PHYSICAL DESCRIPTION | |
| Extent | iii, 58 p. ; |
| Dimensions | 24 cm. |
| 650 #0 - SUBJECT ADDED ENTRY--TOPICAL TERM | |
| Topical term or geographic name entry element | Flood control |
| Geographic subdivision | Mississippi River |
| 9 (RLIN) | 1020470 |
| 650 #0 - SUBJECT ADDED ENTRY--TOPICAL TERM | |
| Topical term or geographic name entry element | Flood control |
| Geographic subdivision | Louisiana |
| -- | Atchafalaya River |
| 9 (RLIN) | 1020471 |
| 651 #0 - SUBJECT ADDED ENTRY--GEOGRAPHIC NAME | |
| Geographic name | Mississippi River |
| General subdivision | Channelization |
| 9 (RLIN) | 1020472 |
| 651 #0 - SUBJECT ADDED ENTRY--GEOGRAPHIC NAME | |
| Geographic name | Atchafalaya River (La.) |
| General subdivision | Channelization |
| 9 (RLIN) | 1020473 |
| 887 ## - NON-MARC INFORMATION FIELD | |
| Content of non-MARC field | |
| 901 ## - LOCAL DATA ELEMENT A, LDA (RLIN) | |
| a | AD 6766 |
| b | 04.12.2010 |
| 902 ## - LOCAL DATA ELEMENT B, LDB (RLIN) | |
| a | U.S 363.349360977 Un 3 |
| 904 ## - LOCAL DATA ELEMENT D, LDD (RLIN) | |
| l | H 5516 |
| 942 ## - ADDED ENTRY ELEMENTS (KOHA) | |
| Source of classification or shelving scheme | Dewey Decimal Classification |
| Koha item type | Books |
| Withdrawn status | Lost status | Damaged status | Not for loan | Collection code | Home library | Current library | Shelving location | Date acquired | Total Checkouts | Full call number | Date last seen | Price effective from | Koha item type |
|---|---|---|---|---|---|---|---|---|---|---|---|---|---|
| National Library of India | National Library of India | U.S 363.349360977 Un 3 | 27/06/2021 | 27/06/2021 | Books |
